¿Hasta dn̤de la familia es responsable de la delincuencia? Historias de jv̤enes transgresores de la ley /

Bibliographic Details
Main Author: Cunjama Lp̤ez, Emilio Daniel
Other Authors: Garca̕ Huitron, Alan
Format: eBook
Language:Spanish
Published: Ciudad de Mx̌ico: Instituto de ciencias penales de Mx̌ico (INACIPE), 2018
Subjects:
Online Access:Acceso restringido

MARC

LEADER 00000nam a22000007a 4500
005 20190904223017.0
007 cr|||| ||||
008 190904s2018 mx |||||s|||| 00||0 spa d
020 |a 978-607-8551-22-4 
035 |a 24736 
040 |a vLex 
090 |c 9396  |d 9396 
100 1 |a Cunjama Lp̤ez, Emilio Daniel 
245 1 0 |a ¿Hasta dn̤de la familia es responsable de la delincuencia?  |h [Recurso electrn̤ico] :  |b Historias de jv̤enes transgresores de la ley /  |c Emilio Daniel Cunjama Lp̤ez, Alan Garca̕ Huitron 
256 |a Servicio en ln̕ea 
260 |a Ciudad de Mx̌ico:  |b Instituto de ciencias penales de Mx̌ico (INACIPE),  |c 2018 
300 |a 1 recurso electrn̤ico 
506 1 |a Disponible solo en los productos indicados  |d vLex Global  |d vLex Global (Academic Edition, excluding Law Schools)  |d vLex Global (U.S. Academic Edition, Law Schools)  |d vLex Global (U.S. Academic Edition, excluding Law Schools)  |d vLex Global (Academic Edition, Law Schools) 
650 0 4 |a Familia y Sucesiones  |z Mx̌ico 
650 0 4 |a Derecho Penal  |z Mx̌ico 
700 1 |a Garca̕ Huitron, Alan 
740 0 |a vLex Libros (Servicio en ln̕ea) 
856 4 0 |u http://vlex.com/source/hasta-donde-familia-responsable-delincuencia-historias-jovenes-transgresores-ley-24736  |z Acceso restringido 
942 |c BOOK 
999 0 |a Family and Successions 
999 0 |a Criminal Law